Petroleum and global tectonics / (Record no. 6991)
[ view plain ]
| 000 -LEADER | |
|---|---|
| fixed length control field | 01060nac a22002891u 4500 |
| 010 ## - | |
| -- | 72009946 |
| 020 ## - INTERNATIONAL STANDARD BOOK NUMBER | |
| International Standard Book Number | 0691081247. |
| -- | 069108128X |
| 082 00 - DEWEY DECIMAL CLASSIFICATION NUMBER | |
| Classification number | 553.28 |
| Item number | FIS |
| 090 ## - LOCALLY ASSIGNED LC-TYPE CALL NUMBER (OCLC); LOCAL CALL NUMBER (OCLC) | |
| -- | 6991 |
| -- | 6991 |
| 100 ## - MAIN ENTRY--PERSONAL NAME | |
| Personal name | 20080729 |
| 111 2# - MAIN ENTRY--MEETING NAME | |
| Meeting name or jurisdiction name as entry element | Princeton University Conference. |
| 245 10 - TITLE STATEMENT | |
| Title | Petroleum and global tectonics / |
| Statement of responsibility, etc | edited by Alfred G. Fischer and Sheldon Judson. |
| 260 ## - | |
| -- | Princeton, N.J. : |
| -- | Princeton University Press,[1975] |
| -- | [1975] |
| 300 ## - PHYSICAL DESCRIPTION | |
| Extent | xii, 322 p. : |
| Other physical details | ill. ; |
| Dimensions | 25 cm. |
| 336 ## - CONTENT TYPE | |
| Source | rdacontent |
| Content type term | text |
| Content type code | txt |
| 337 ## - MEDIA TYPE | |
| Media type term | unmediated |
| Source | rdamedia |
| Media type code | n |
| 338 ## - CARRIER TYPE | |
| Carrier type term | volume |
| Carrier type code | nc |
| Source | rdacarrier |
| 500 ## - GENERAL NOTE | |
| General note | Papers presented at the 109th meeting of the Princeton University Conference held on March 10 and 11, 1972. |
| 500 ## - GENERAL NOTE | |
| General note | distributer: Al-Ahram |
| 504 ## - BIBLIOGRAPHY, ETC. NOTE | |
| Bibliography, etc | Includes bibliographies. |
| 511 ## - | |
| -- | catalogued by: wessam |
| 650 #0 - SUBJECT ADDED ENTRY--TOPICAL TERM | |
| Topical term or geographic name as entry element | Petroleum |
| General subdivision | Geology |
| -- | Congresses. |
| 650 #0 - SUBJECT ADDED ENTRY--TOPICAL TERM | |
| Topical term or geographic name as entry element | Plate tectonics |
| General subdivision | Congresses. |
| 700 1# - ADDED ENTRY--PERSONAL NAME | |
| Personal name | Fischer, Alfred G., |
| 700 1# - ADDED ENTRY--PERSONAL NAME | |
| Personal name | Judson, Sheldon, |
| 942 ## - ADDED ENTRY ELEMENTS (KOHA) | |
| Koha item type | Book - Borrowing |
| Call number prefix | 553.28FIS |
| Classification part | RDA-MOD |
| Withdrawn status | Lost status | Damaged status | Not for loan | Home library | Current library | Shelving location | Date acquired | Source of acquisition | Total Checkouts | Total Renewals | Full call number | Barcode | Date last seen | Date checked out | Price effective from | Koha item type |
|---|---|---|---|---|---|---|---|---|---|---|---|---|---|---|---|---|
| Central Library | Central Library | First floor | 07/12/2011 | Purchase | 1 | 2 | 553.28FIS | 000008316 | 15/07/2025 | 03/01/2016 | 11/12/2007 | Book - Borrowing |